| 000 | 01902nam0a22003131 4500 | ||
|---|---|---|---|
| 001 | rc\4905528 | ||
| 005 | 20260407131347.0 | ||
| 021 |
_aRU _b[62-1384] |
||
| 035 | _a(NLR Aleph) 008931644 | ||
| 090 |
_a8888665 _c8888665 |
||
| 100 | _a20130426d1961 |||y0rusy50 ca | ||
| 101 | 0 | _arus | |
| 102 | _aRU | ||
| 105 | _ay z ||||| | ||
| 200 | 1 |
_aО государственном бюджете РСФСР на 1962 год и об исполнении государственного бюджета РСФСР за 1960 год _eДоклад и заключит. слово министра финансов РСФСР депутата Фадеева И.И. на пятой сессии Верховного Совета РСФСР пятого созыва 14 и 16 дек. 1961 г. |
|
| 210 |
_aМосква _cГосфиниздат _d1961 |
||
| 215 |
_a39 с. _d20 |
||
| 423 | 0 |
_11010#$arus _12001#$aЗакон о государственном бюджете Российской Советской Федеративной Социалистической Республики на 1962 год _tЗакон о государственном бюджете Российской Советской Федеративной Социалистической Республики на 1962 год |
|
| 606 |
_aБюджет РСФСР _z1962 _2psbo |
||
| 606 |
_aБюджет РСФСР _z1960 _2psbo |
||
| 700 | 1 |
_4070 _7ca _8rus _aФадеев _bИ. И. _cгос. деятель _f1906-1976 _gИван Иванович _9251359 _3RU\NLR\AUTH\770251415 |
|
| 711 | 0 | 1 |
_aРСФСР _bВерховный Совет _bСозыв _bСессия _c5 _d5 _9668723 _3RU\NLR\AUTH\880504449 |
| 742 | 1 |
_aРСФСР _tЗаконы и постановления _9462594 _3RU\NLR\AUTH\889983375 |
|
| 801 | 0 |
_aRU _bNLR _gpsbo |
|
| 801 | 1 |
_aRU _bELAR _2rusmarc |
|
| 852 |
_aNLR _j62-4/1835 |
||
| 942 | _cBOOK | ||
| 980 | _aNB | ||